|
|
|
|
| LEADER |
04288nam a22005895i 4500 |
| 001 |
978-3-540-32298-6 |
| 003 |
DE-He213 |
| 005 |
20151204185544.0 |
| 007 |
cr nn 008mamaa |
| 008 |
100411s2005 gw | s |||| 0|eng d |
| 020 |
|
|
|a 9783540322986
|9 978-3-540-32298-6
|
| 024 |
7 |
|
|a 10.1007/11599371
|2 doi
|
| 040 |
|
|
|d GrThAP
|
| 050 |
|
4 |
|a TK5105.5-5105.9
|
| 072 |
|
7 |
|a UKN
|2 bicssc
|
| 072 |
|
7 |
|a COM075000
|2 bisacsh
|
| 082 |
0 |
4 |
|a 004.6
|2 23
|
| 245 |
1 |
0 |
|a Cryptology and Network Security
|h [electronic resource] :
|b 4th International Conference, CANS 2005, Xiamen, China, December 14-16, 2005. Proceedings /
|c edited by Yvo G. Desmedt, Huaxiong Wang, Yi Mu, Yongqing Li.
|
| 264 |
|
1 |
|a Berlin, Heidelberg :
|b Springer Berlin Heidelberg,
|c 2005.
|
| 300 |
|
|
|a XII, 352 p.
|b online resource.
|
| 336 |
|
|
|a text
|b txt
|2 rdacontent
|
| 337 |
|
|
|a computer
|b c
|2 rdamedia
|
| 338 |
|
|
|a online resource
|b cr
|2 rdacarrier
|
| 347 |
|
|
|a text file
|b PDF
|2 rda
|
| 490 |
1 |
|
|a Lecture Notes in Computer Science,
|x 0302-9743 ;
|v 3810
|
| 505 |
0 |
|
|a Cryptanalysis -- The Second-Preimage Attack on MD4 -- On the Security of Certificateless Signature Schemes from Asiacrypt 2003 -- On the Security of a Group Signcryption Scheme from Distributed Signcryption Scheme -- Cryptanalysis of Two Group Key Management Protocols for Secure Multicast -- Security Analysis of Password-Authenticated Key Agreement Protocols -- Intrusion Detection and Viruses -- An Immune-Based Model for Computer Virus Detection -- A New Model for Dynamic Intrusion Detection -- Self Debugging Mode for Patch-Independent Nullification of Unknown Remote Process Infection -- A New Unsupervised Anomaly Detection Framework for Detecting Network Attacks in Real-Time -- Authentication and Signature -- ID-Based Aggregate Signatures from Bilinear Pairings -- Efficient Identity-Based Signatures and Blind Signatures -- How to Authenticate Real Time Streams Using Improved Online/Offline Signatures -- New Authentication Scheme Based on a One-Way Hash Function and Diffie-Hellman Key Exchange -- Signcryption -- Two Proxy Signcryption Schemes from Bilinear Pairings -- Constructing Secure Warrant-Based Proxy Signcryption Schemes -- E-mail Security -- Design and Implementation of an Inline Certified E-mail Service -- Efficient Identity-Based Protocol for Fair Certified E-mail Delivery -- Cryptosystems -- Similar Keys of Multivariate Quadratic Public Key Cryptosystems -- A Note on Signed Binary Window Algorithm for Elliptic Curve Cryptosystems -- Constructions of Almost Resilient Functions -- Privacy and Tracing -- A Novel Method to Maintain Privacy in Mobile Agent Applications -- Non-expanding Transaction Specific Pseudonymization for IP Traffic Monitoring -- Information Hiding -- Revaluation of Error Correcting Coding in Watermarking Channel -- Firewalls, Denial of Service and DNS Security -- On the Performance and Analysis of DNS Security Extensions -- On Securing RTP-Based Streaming Content with Firewalls -- Safeguard Information Infrastructure Against DDoS Attacks: Experiments and Modeling -- Trust Management -- Distributed Credential Chain Discovery in Trust-Management with Parameterized Roles.
|
| 650 |
|
0 |
|a Computer science.
|
| 650 |
|
0 |
|a Computer communication systems.
|
| 650 |
|
0 |
|a Operating systems (Computers).
|
| 650 |
|
0 |
|a Data encryption (Computer science).
|
| 650 |
|
0 |
|a Algorithms.
|
| 650 |
|
0 |
|a Computers and civilization.
|
| 650 |
|
0 |
|a Management information systems.
|
| 650 |
1 |
4 |
|a Computer Science.
|
| 650 |
2 |
4 |
|a Computer Communication Networks.
|
| 650 |
2 |
4 |
|a Data Encryption.
|
| 650 |
2 |
4 |
|a Operating Systems.
|
| 650 |
2 |
4 |
|a Management of Computing and Information Systems.
|
| 650 |
2 |
4 |
|a Computers and Society.
|
| 650 |
2 |
4 |
|a Algorithm Analysis and Problem Complexity.
|
| 700 |
1 |
|
|a Desmedt, Yvo G.
|e editor.
|
| 700 |
1 |
|
|a Wang, Huaxiong.
|e editor.
|
| 700 |
1 |
|
|a Mu, Yi.
|e editor.
|
| 700 |
1 |
|
|a Li, Yongqing.
|e editor.
|
| 710 |
2 |
|
|a SpringerLink (Online service)
|
| 773 |
0 |
|
|t Springer eBooks
|
| 776 |
0 |
8 |
|i Printed edition:
|z 9783540308492
|
| 830 |
|
0 |
|a Lecture Notes in Computer Science,
|x 0302-9743 ;
|v 3810
|
| 856 |
4 |
0 |
|u http://dx.doi.org/10.1007/11599371
|z Full Text via HEAL-Link
|
| 912 |
|
|
|a ZDB-2-SCS
|
| 912 |
|
|
|a ZDB-2-LNC
|
| 950 |
|
|
|a Computer Science (Springer-11645)
|